Programa de ajuste estructural en Costa Rica
Salvato in:
| Autore principale: | |
|---|---|
| Natura: | testo |
| Pubblicazione: |
San José:
Academia de Centroamérica
|
| Tags: |
Aggiungi Tag
Nessun Tag, puoi essere il primo ad aggiungerne!!
|
MARC
| LEADER | 00000 a a2200000 04500 | ||
|---|---|---|---|
| 001 | 16258 | ||
| 003 | |||
| 040 | |a CRAI/IIS |c CRAI/IIS | ||
| 020 | |a 9977-21-010-1 | ||
| 022 | |a 9977-21-010-1 | ||
| 090 | |a 030100 | ||
| 100 | |a Lizano Fait, Eduardo | ||
| 245 | |a Programa de ajuste estructural en Costa Rica | ||
| 260 | |a San José: |b Academia de Centroamérica | ||
| 300 | |a 194 p. | ||
| 999 | |c 17385 |d 17385 | ||



